نقض دستور الجمهورية الإسلامية الإيرانية / (Record no. 5393)

MARC details
000 -LEADER
fixed length control field 00460nam a22001697a 4500
005 - DATE AND TIME OF LATEST TRANSACTION
control field 20251108164153.0
008 - FIXED-LENGTH DATA ELEMENTS--GENERAL INFORMATION
fixed length control field 250721s1983 xx 000 0 ara d
082 14 - DEWEY DECIMAL CLASSIFICATION NUMBER
Classification number 342.55/محم
100 1# - MAIN ENTRY--PERSONAL NAME
Personal name الخالدي، محمود
245 10 - TITLE STATEMENT
Title نقض دستور الجمهورية الإسلامية الإيرانية /
264 ## - PRODUCTION, PUBLICATION, DISTRIBUTION, MANUFACTURE, AND COPYRIGHT NOTICE
Date of production, publication, distribution, manufacture, or copyright notice 1983.
300 ## - PHYSICAL DESCRIPTION
Extent 203ص
650 17 - SUBJECT ADDED ENTRY--TOPICAL TERM
Topical term or geographic name as entry element إيران
650 17 - SUBJECT ADDED ENTRY--TOPICAL TERM
Topical term or geographic name as entry element دساتير الدول
942 ## - ADDED ENTRY ELEMENTS (KOHA)
Source of classification or shelving scheme Dewey Decimal Classification
Koha item type Books
Holdings
حالة السحب حالة الفقدان مصدر التصنيف حالة التلف غير قابل للإعارة المكتبة الرئيسية المكتبة الحالية موقع الرف تاريخ التزويد الرقم المتسلسل Total Checkouts رقم الإستدعاء الباركود تاريخ آخر ظهور تاريخ الفاتورة نوع المادة (كوها)
    Dewey Decimal Classification     مكتبة صويلح العامة مكتبة صويلح العامة الإعارة 13/04/2019 {1927}   342.55/محم PLD00449425 28/07/2025 13/04/2019 Books
Implemented & Customized by: BBB with SCIT (Smart Chains for Information Technology)

Powered by Koha